El abogado del marciano /

Guardado en:
Autor Principal: Birmajer, Marcelo
Formato: Libro
Publicado: Buenos Aires : Norma, 2012.
Series:Zona Libre
Materias:
Etiquetas: Agregar Etiqueta
Sin Etiquetas, Sea el primero en etiquetar este registro!
LEADER 00594nam a22002055a 4500
001 CEM.cems019076
008 220623s2012##################000#0#####d
005 20220623160219.0
003 CEMS
245 1 0 |a El abogado del marciano /  |c Marcelo Birmajer. 
260 |a Buenos Aires :  |b Norma,  |c 2012. 
300 |a 126 p. 
490 0 |a Zona Libre 
020 |a 99789580443834 
100 1 |a Birmajer, Marcelo 
082 0 4 |a A863.4 
653 |a Literatura para adolescentes 
653 |a Literatura argentina 
653 |a Novelas de suspenso 
859 |a CEMS  |b BIB. CEMS - 11 de abril  |h A863.4  |i B537-4  |p 29331.22  |t Ej. 1